00393nam a2200157Ia 4500008004100000020001800041082001500059100001800074245003200092250000800124260003400132300001100166500002600177650001200203700002000215230524s9999 xx 000 0 und d a9780070601659 a5.133bXIO aZhigong Xiong 0aSchaum's Computer Graphics  a2ND aNEW DELHIbM.C.Growhillc2001 aIX;347 aQuantity Number: 128 aComp-Sc a Roy A Plastock